Porovnanie prognostickej presnosti rôznych metód strojového učenia

Salvato in:
Dettagli Bibliografici
Autore principale: Csápai, Ádám, 1996-
Altri autori: Mináriková, Erika, 1996-
Natura: Capitolo di libro
Lingua:inglese
Soggetti:
Tags: Aggiungi Tag
Nessun Tag, puoi essere il primo ad aggiungerne!!

MARC

LEADER 00000naa$a2200000$$$4500
001 0289239
005 20240502074430.2
041 0 |a eng 
044 |a SK 
245 1 0 |a Porovnanie prognostickej presnosti rôznych metód strojového učenia  |c Ádám Csápai, Erika Mináriková 
500 |a Abstrakt 
610 2 0 |a učenie strojové 
610 2 0 |a Big Data 
610 2 0 |a inflácia 
610 2 0 |a prognózovanie 
100 1 |a Csápai, Ádám, 1996- 
700 1 |a Mináriková, Erika, 1996-